<?xml version="1.0" encoding="UTF-8" ?>
<collection xmlns="http://www.loc.gov/MARC21/slim"><record><leader>01357nam a2200277   4500</leader><controlfield tag="001">211696</controlfield><controlfield tag="003">CH-000273-5</controlfield><controlfield tag="005">20201217140349.0</controlfield><datafield tag="035" ind1=" " ind2=" "><subfield code="a">(OCoLC)1202617411</subfield></datafield><datafield tag="040" ind1=" " ind2=" "><subfield code="a">CH-000273-5</subfield><subfield code="b">ger</subfield><subfield code="e">rda</subfield></datafield><datafield tag="041" ind1=" " ind2=" "><subfield code="a">ger</subfield></datafield><datafield tag="100" ind1="1" ind2="0"><subfield code="a">von Rebay, Hilla</subfield><subfield code="d">1890-1967</subfield><subfield code="e">Verfasser</subfield><subfield code="4">aut</subfield></datafield><datafield tag="245" ind1="0" ind2="0"><subfield code="a">Brief, Museum of Non-Objective Painting, 24 East 54th Street, New York City, Hilla Rebay, Director, 9.Oktober 1947, Herrn W.Wartmann, Direktor des Kunsthauses in Zuerich, Schweiz.</subfield><subfield code="b">Sehr geehrter Herr Wartmann ! ...</subfield><subfield code="c">Mit herzlichem Dank fuer die schoene wuerdige Aufnahme unserer Arbeiten und die vielen Muehen, die Sie dadurch sicher hatten, die ich aus Erfahrung kenne, gruesse ich Sie herzlichst, Hilla von Rebay</subfield></datafield><datafield tag="264" ind1=" " ind2=" "><subfield code="a">New York</subfield><subfield code="c">1947</subfield></datafield><datafield tag="300" ind1=" " ind2=" "><subfield code="a">2 Blätter</subfield><subfield code="c">27,9 x 21,6 cm</subfield></datafield><datafield tag="336" ind1=" " ind2=" "><subfield code="a">Text</subfield><subfield code="b">txt</subfield><subfield code="2">rdacontent</subfield></datafield><datafield tag="337" ind1=" " ind2=" "><subfield code="a">ohne Hilfsmittel zu benutzen</subfield><subfield code="b">n</subfield><subfield code="2">rdamedia</subfield></datafield><datafield tag="338" ind1=" " ind2=" "><subfield code="a">Blatt</subfield><subfield code="b">nb</subfield><subfield code="2">rdacarrier</subfield></datafield><datafield tag="600" ind1="1" ind2="7"><subfield code="a">von Rebay, Hilla</subfield><subfield code="d">1890-1967</subfield><subfield code="x">Brief</subfield><subfield code="x">Typoskript</subfield><subfield code="2">gnd</subfield></datafield><datafield tag="610" ind1="2" ind2="7"><subfield code="a">Kunsthaus Zürich</subfield><subfield code="x">Ausstellung</subfield><subfield code="x">Geschäftsbrief</subfield><subfield code="2">gnd</subfield></datafield><datafield tag="655" ind1="0" ind2="7"><subfield code="a">Typoskript</subfield><subfield code="2">gnd</subfield></datafield><datafield tag="655" ind1="0" ind2="7"><subfield code="a">Brief</subfield><subfield code="2">gnd</subfield></datafield><datafield tag="700" ind1="1" ind2="0"><subfield code="a">Wartmann, Wilhelm</subfield><subfield code="d">1882-1970</subfield><subfield code="e">Adressat</subfield><subfield code="4">rcp</subfield></datafield><datafield tag="710" ind1="2" ind2="0"><subfield code="a">Kunsthaus Zürich</subfield><subfield code="e">Adressat</subfield><subfield code="4">rcp</subfield></datafield><datafield tag="852" ind1="4" ind2="0"><subfield code="a">CH-000273-5</subfield><subfield code="c">10.30.30.72.rebay.19471009</subfield></datafield><datafield tag="856" ind1="4" ind2="1"><subfield code="u">https://digital.kunsthaus.ch/viewer/image/211696/1/-/</subfield><subfield code="y">Kunsthaus Zürich Sammlungen online</subfield></datafield></record></collection>